[Event "AUTO-MASTER-805"]
[Site "http://www.queenalice.com/game.php?id=731183"]
[Date "2010.2.13"]
[Round "2"]
[White "R_Mutt"]
[Black "Chris93"]
[Result "1-0"]
[WhiteElo "2365"]
[BlackElo "1916"]

1. Nc3 e5 2. e4 Nf6 3. Nf3 Nc6 4. Bb5 a6 5. Ba4 Be7 6. O-O O-O 7. d3 b5 8. Bb3
d6 9. Ne2 Bg4 10. c3 Na5 11. Bc2 c5 12. h3 Bxf3 13. gxf3 Qd7 14. Kh2 Nc6 15. Rg1
h6 16. Bxh6 Nh5 17. Bb3 Bf6 18. Rg4 Kh7 19. Be3 Rh8 20. Qg1 Kg8 21. Kg2 Na5 22.
Bc2 Rc8 23. Kf1 d5 24. f4 c4 25. fxe5 Bxe5 26. d4 Bf6 27. e5 Be7 28. Nf4 Nxf4
29. Bxf4 Kf8 30. Rg3 Rxh3 31. Rxg7 Ke8 32. Rg8+ Bf8 33. Qg7 Qe7 34. Bg5 1-0

[Event "AUTO-MASTER-805"]
[Site "http://www.queenalice.com/game.php?id=731184"]
[Date "2010.2.13"]
[Round "2"]
[White "EMB2"]
[Black "R_Mutt"]
[Result "1/2-1/2"]
[WhiteElo "2173"]
[BlackElo "2360"]

1. d4 d5 2. c4 e6 3. Nc3 c6 4. Nf3 dxc4 5. a4 Nf6 6. Bg5 Bb4 7. e4 c5 8. dxc5
Qc7 9. Bxf6 gxf6 10. Bxc4 Qxc5 11. Bb5+ Nd7 12. Rc1 Qb6 13. O-O a6 14. Be2 Qa5
15. Qd4 Qb6 16. Qd2 Be7 17. Rfd1 O-O 18. Rc2 Kh8 19. Qh6 Rg8 20. Qh5 Rg7 21.
Rdc1 1/2-1/2

[Event "AUTO-MASTER-805"]
[Site "http://www.queenalice.com/game.php?id=731185"]
[Date "2010.2.13"]
[Round "2"]
[White "R_Mutt"]
[Black "EMB2"]
[Result "1/2-1/2"]
[WhiteElo "2368"]
[BlackElo "2186"]

1. Nc3 e5 2. e4 Nc6 3. f4 exf4 4. Nf3 g5 5. d4 g4 6. Bc4 gxf3 7. Qxf3 Qh4+ 8. g3
Nxd4 9. Qf2 Qf6 10. Nd5 Qe5 11. O-O Bc5 12. Bxf4 Ne2+ 13. Bxe2 Bxf2+ 14. Rxf2
Qxb2 15. Raf1 Nf6 16. Nxc7+ Kd8 17. Bf3 Rb8 18. c4 Qb6 19. Nb5 Ra8 20. e5 Ne8
21. Bg5+ f6 22. exf6 h6 23. Bh4 Nxf6 24. Kh1 a6 1/2-1/2

[Event "AUTO-ELITE-596"]
[Site "http://www.queenalice.com/game.php?id=813227"]
[Date "2010.8.4"]
[Round "1"]
[White "Miguelname"]
[Black "R_Mutt"]
[Result "1/2-1/2"]
[WhiteElo "2405"]
[BlackElo "2367"]

1. e4 c5 2. Nf3 d6 3. d4 cxd4 4. Nxd4 Nf6 5. Nc3 a6 6. Be3 Ng4 7. Bg5 h6 8. Bh4
g5 9. Bg3 Bg7 10. Be2 h5 11. Bxg4 hxg4 12. O-O Nc6 13. Nf5 Bxc3 14. bxc3 Qa5 15.
Qxg4 f6 16. f4 Bxf5 17. exf5 gxf4 18. Rxf4 Qxc3 19. Rb1 b5 20. Qe2 Rc8 21. a4
Nd4 22. Qg4 Qxc2 23. Re1 Nc6 24. Qg7 Kd7 25. Qf7 Rcg8 26. Qe6+ Kc7 27. Rf2 Qc4
28. Qe3 Qd4 29. Qxd4 Nxd4 30. axb5 axb5 31. Rxe7+ 1/2-1/2

[Event "AUTO-ELITE-596"]
[Site "http://www.queenalice.com/game.php?id=813228"]
[Date "2010.8.4"]
[Round "1"]
[White "R_Mutt"]
[Black "Miguelname"]
[Result "1/2-1/2"]
[WhiteElo "2366"]
[BlackElo "2406"]

1. Nc3 c5 2. e4 Nc6 3. Nge2 e5 4. Nd5 Nf6 5. Nec3 Be7 6. Bc4 O-O 7. d3 d6 8. O-O
Be6 9. f4 exf4 10. Bxf4 Nd7 11. Nxe7+ Qxe7 12. Nd5 Bxd5 13. Bxd5 Nb6 14. c3 Nxd5
15. exd5 Ne5 16. d4 cxd4 17. Qxd4 f6 18. c4 b6 19. Kh1 Rfe8 20. Rac1 Nf7 21. Qd3
Rac8 22. h3 Qe2 23. Qb1 Qe4 24. b3 Qxb1 25. Rxb1 Re2 26. a4 Ne5 27. a5 Ra2 28.
Ra1 Rxa5 29. Rxa5 bxa5 30. Ra1 Rb8 31. Ra3 Kf8 32. Kg1 Ke7 33. h4 a6 1/2-1/2

[Event "AUTO-ELITE-596"]
[Site "http://www.queenalice.com/game.php?id=813233"]
[Date "2010.8.4"]
[Round "1"]
[White "R_Mutt"]
[Black "BEBADO"]
[Result "1-0"]
[WhiteElo "2325"]
[BlackElo "2249"]

1. Nc3 d5 2. d4 Nf6 3. Nf3 Bf5 4. e3 e6 5. Bd3 Bd6 6. Ne5 Nbd7 7. f4 O-O 8. O-O
c5 9. g4 Bxd3 10. cxd3 cxd4 11. exd4 Qb6 12. Be3 Qxb2 13. Na4 Qa3 14. Rb1 Bxe5
15. fxe5 Nxg4 16. Bc1 Qxa2 17. Bd2 Qa3 18. Bb4 1-0

[Event "AUTO-ELITE-596"]
[Site "http://www.queenalice.com/game.php?id=813234"]
[Date "2010.8.4"]
[Round "1"]
[White "BEBADO"]
[Black "R_Mutt"]
[Result "0-1"]
[WhiteElo "2196"]
[BlackElo "2335"]

1. d4 Nf6 2. Nf3 e6 3. e3 d5 4. Bd3 c6 5. O-O Ne4 6. c4 Nd7 7. Nc3 f5 8. Ne5 Rg8
9. Qh5+ g6 10. Qxh7 Nxe5 11. dxe5 Rg7 12. Qh8 Rf7 13. Bxe4 dxe4 14. Rd1 Qc7 15.
b3 Bd7 16. Qh4 Qxe5 17. Bb2 Qc5 18. Qg3 O-O-O 19. Qxg6 Qe7 20. Ne2 Bg7 21. Bxg7
Rxg7 22. Qh6 Rdg8 23. g3 Qf8 24. Qf4 Rh7 25. Rd2 Qf6 0-1

[Event "AUTO-ELITE-686"]
[Site "http://www.queenalice.com/game.php?id=879807"]
[Date "2011.1.1"]
[Round "1"]
[White "plonius"]
[Black "R_Mutt"]
[Result "1-0"]
[WhiteElo "2621"]
[BlackElo "2360"]

1. d4 Nf6 2. c4 e6 3. Nc3 d5 4. cxd5 exd5 5. Bg5 Bb4 6. e3 Nbd7 7. Bd3 Nb6 8.
Qb3 a5 9. Nf3 c6 10. Bxf6 gxf6 11. O-O Qc7 12. a3 Be7 13. Nh4 Bd6 14. g3 Be6 15.
Rac1 Bf8 16. Ne2 Bd6 17. Nf5 Bf8 18. Nf4 O-O-O 19. Qd1 Nc4 20. Bxc4 dxc4 21. Nh4
b5 22. Qf3 Bd7 23. a4 Kb8 24. Nh5 Be7 25. Rfd1 Rhg8 26. Nxf6 Bxf6 27. Qxf6 Bg4
28. Rd2 Rd6 29. Qf4 Bc8 30. e4 Rg4 31. Qe3 f5 32. Nxf5 Bxf5 33. exf5 Qd7 34.
axb5 cxb5 35. Re1 Rg8 36. Qf4 Kc8 37. Re5 Rd8 38. f6 Rf8 39. Qe4 Kb8 40. f7 Rxf7
41. Re8+ Kc7 42. Qa8 1-0

[Event "AUTO-ELITE-686"]
[Site "http://www.queenalice.com/game.php?id=879808"]
[Date "2011.1.1"]
[Round "1"]
[White "R_Mutt"]
[Black "plonius"]
[Result "0-1"]
[WhiteElo "2365"]
[BlackElo "2573"]

1. Nc3 c5 2. e4 Nc6 3. Nge2 Nf6 4. d4 cxd4 5. Nxd4 d6 6. Bc4 e6 7. Be3 Be7 8.
Bb3 O-O 9. O-O Qc7 10. a4 a6 11. f4 Na5 12. g4 Nxb3 13. cxb3 d5 14. e5 Nd7 15.
h4 b6 16. g5 Bb7 17. h5 Bc5 18. Nce2 Qd8 19. g6 hxg6 20. hxg6 fxg6 21. Qd3 Qe8
22. Nf3 a5 23. Bxc5 Nxc5 24. Qe3 Ba6 25. Rae1 Ne4 26. Nfd4 Qe7 27. Qh3 Kf7 28.
Qg4 Rh8 29. f5 gxf5 30. Nxe6 Kg8 31. Rxf5 Rh4 32. Qg6 Rh6 0-1

[Event "AUTO-ELITE-686"]
[Site "http://www.queenalice.com/game.php?id=879813"]
[Date "2011.1.1"]
[Round "1"]
[White "lupengui"]
[Black "R_Mutt"]
[Result "1-0"]
[WhiteElo "2612"]
[BlackElo "2181"]

1. d4 Nf6 2. c4 e6 3. g3 d5 4. Bg2 dxc4 5. Qa4+ Bd7 6. Qxc4 Bc6 7. Nf3 Bd5 8.
Qd3 Be4 9. Qd1 c5 10. Nc3 Bc6 11. O-O Nbd7 12. Be3 cxd4 13. Nxd4 Bxg2 14. Kxg2
a6 15. Rc1 b5 16. f3 h5 17. a4 b4 18. Nc6 Qc7 19. Ne4 Nxe4 20. fxe4 h4 21. Qd3
Qd6 22. Bd4 Nf6 23. Qf3 hxg3 24. e5 Qd5 25. exf6 Rxh2+ 26. Kg1 gxf6 27. e4 Qg5
28. Bxf6 Bc5+ 29. Nd4 Qh6 30. Qxg3 1-0

[Event "AUTO-ELITE-686"]
[Site "http://www.queenalice.com/game.php?id=879814"]
[Date "2011.1.1"]
[Round "1"]
[White "R_Mutt"]
[Black "lupengui"]
[Result "0-1"]
[WhiteElo "2180"]
[BlackElo "2613"]

1. Nc3 Nf6 2. e4 e5 3. Nf3 Nc6 4. Bb5 Bd6 5. d3 a6 6. Ba4 b5 7. Bb3 Bb7 8. Bg5
h6 9. Bxf6 Qxf6 10. Nd5 Qd8 11. a4 Na5 12. Ba2 bxa4 13. c3 Bc6 14. d4 exd4 15.
e5 Bc5 16. cxd4 Ba7 17. O-O Rb8 18. Re1 Rxb2 19. Nf6+ Kf8 20. Nxd7+ Bxd7 21. e6
fxe6 22. Ne5 Kg8 23. Nxd7 Rxa2 24. Rxa2 Qxd7 25. Rae2 Qxd4 26. Qc2 Qc5 27. Qe4
Qd5 28. Qxa4 Nb3 29. Qxa6 Bd4 30. Rxe6 Nc5 31. Re8+ Kh7 32. Rxh8+ Kxh8 33. Qg6
Bxf2+ 0-1

[Event "AUTO-OPEN-2222"]
[Site "http://www.queenalice.com/game.php?id=882767"]
[Date "2011.1.7"]
[Round "1"]
[White "R_Mutt"]
[Black "Pinehill"]
[Result "0-1"]
[WhiteElo "2264"]
[BlackElo "1977"]

1. Nc3 Nf6 2. e4 e5 3. Nf3 Nc6 4. Bb5 a6 5. Ba4 b5 6. Bb3 Bb7 7. O-O Bc5 8. d3
h6 9. a4 b4 10. Nd5 O-O 11. a5 d6 12. c3 Rb8 13. Bd2 Ba8 14. Ne3 bxc3 15. bxc3
Bxe3 16. Bxe3 Nd7 17. Nd2 Kh8 18. f4 exf4 0-1

[Event "AUTO-OPEN-2222"]
[Site "http://www.queenalice.com/game.php?id=882768"]
[Date "2011.1.7"]
[Round "1"]
[White "Pinehill"]
[Black "R_Mutt"]
[Result "1-0"]
[WhiteElo "1947"]
[BlackElo "2286"]

1. e4 c5 2. c3 Nf6 3. e5 Nd5 4. d4 cxd4 5. cxd4 e6 6. Nf3 d6 7. Bb5+ Bd7 8. Bc4
Nb6 9. exd6 Nxc4 10. d5 Bxd6 11. O-O O-O 12. Nc3 Qc7 13. Ne4 Ne5 14. dxe6 Nxf3+
15. Qxf3 fxe6 16. Qh5 Rf5 17. Bg5 Be7 18. Qg4 Bxg5 19. Nxg5 1-0

[Event "AUTO-OPEN-2222"]
[Site "http://www.queenalice.com/game.php?id=882769"]
[Date "2011.1.7"]
[Round "1"]
[White "R_Mutt"]
[Black "luhosavi"]
[Result "0-1"]
[WhiteElo "2193"]
[BlackElo "2205"]

1. Nc3 Nf6 2. e4 e5 3. Nf3 Nc6 4. Bb5 d6 5. d4 exd4 6. Nxd4 Bd7 7. O-O Nxd4 8.
Qxd4 Be7 9. a4 c6 10. Bc4 O-O 0-1

[Event "AUTO-OPEN-2222"]
[Site "http://www.queenalice.com/game.php?id=882770"]
[Date "2011.1.7"]
[Round "1"]
[White "luhosavi"]
[Black "R_Mutt"]
[Result "1-0"]
[WhiteElo "2193"]
[BlackElo "2205"]

1. c4 Nf6 2. Nc3 e6 3. g3 d5 4. d4 dxc4 5. Bg2 c6 6. Nf3 Nbd7 7. O-O b5 8. Bg5
Bb7 9. e3 Be7 10. Rc1 a6 11. Ne5 1-0

[Event "AUTO-OPEN-2222"]
[Site "http://www.queenalice.com/game.php?id=882771"]
[Date "2011.1.7"]
[Round "1"]
[White "R_Mutt"]
[Black "RafaelCabral"]
[Result "0-1"]
[WhiteElo "2179"]
[BlackElo "2040"]

1. Nc3 Nf6 2. e4 e5 3. Nf3 Nc6 4. Bb5 Bc5 5. d3 d6 6. O-O Bg4 7. Na4 Nd7 8. Nxc5
Nxc5 9. c3 O-O 10. h3 Bh5 11. Be3 Ne6 12. Kh1 Qf6 13. g4 Bg6 14. Nd2 Nf4 15. Qf3
Nd8 16. Bxf4 exf4 17. Qg2 Ne6 18. Rg1 c6 0-1

[Event "AUTO-OPEN-2222"]
[Site "http://www.queenalice.com/game.php?id=882772"]
[Date "2011.1.7"]
[Round "1"]
[White "RafaelCabral"]
[Black "R_Mutt"]
[Result "1-0"]
[WhiteElo "2062"]
[BlackElo "2163"]

1. Nf3 d5 2. d4 c5 3. c4 e6 4. Nc3 Nc6 5. cxd5 exd5 6. Bg5 Be7 7. Bf4 c4 8. e4
Nf6 9. exd5 Nxd5 10. Bg3 b5 11. a4 Bb4 12. Rc1 a6 13. Be2 Bxc3+ 14. bxc3 Na5 15.
Qc2 Nb3 16. Qe4+ Be6 17. Rc2 O-O 18. Bh4 1-0